书目信息 |
| 题名: |
教学纵横谈
|
|
| 作者: | 孟庆轩 著 | |
| 分册: | ||
| 出版信息: | 北京 解放军出版社 1987 |
|
| 页数: | 141页 | |
| 开本: | 19cm | |
| 丛书名: | 教坛耕耘录 | |
| 单 册: | ||
| 中图分类: | G424-53 , G4-53 | |
| 科图分类: | ||
| 主题词: | 教学法--文集 | |
| 电子资源: | ||
| ISBN: | 7-5065-0206-2 | |
| 000 | 00693nam2 2200265 45 | |
| 001 | 0187001749 | |
| 005 | 20040429143450.6 | |
| 010 | @a7-5065-0206-2@dCNY1.10 | |
| 100 | @a19901031d1987 em y0chiy0121 ea | |
| 101 | 0 | @achi |
| 102 | @aCN@b110000 | |
| 105 | @ay z 000yy | |
| 106 | @ar | |
| 200 | 10 | @a教学纵横谈@Ajiao xue zong heng tan@f孟庆轩著 |
| 210 | @a北京@c解放军出版社@d1987 | |
| 215 | @a141页@d19cm | |
| 225 | 2 | @a教坛耕耘录 |
| 410 | 0 | @120010@a教坛耕耘录 |
| 606 | @a教学法@x文集 | |
| 690 | @aG424-53@v3 | |
| 690 | @aG4-53 | |
| 701 | 0 | @a孟庆轩@Ameng qing xuan@4著 |
| 801 | 0 | @aCN@b深圳图书馆@c20040429 |
| 801 | 2 | @aCN@bNLC@c20040429 |
| 905 | @f2@b203789-790@dG4-53@e13 | |
| 教学纵横谈/孟庆轩著.-北京:解放军出版社,1987 |
| 141页;19cm.-(教坛耕耘录) |
| ISBN 7-5065-0206-2:CNY1.10 |
| ● |
| 相关链接 |
|
|
|
|
正题名:教学纵横谈
索取号:G4-53/13
 
预约/预借
| 序号 | 登录号 | 条形码 | 馆藏地/架位号 | 状态 | 备注 |
| 1 | 0203789 | 000310194 | 密集书库/ [索取号:G4-53/13] | 在馆 | |
| 2 | 0203790 | 000310185 | 第一样本阅览室/ [索取号:G4-53/13] | 在馆 |